<?xml version="1.0" encoding="UTF-8"?>
<collection xmlns:xsi="http://www.w3.org/2001/XMLSchema-instance" xsi:schemaLocation="http://www.loc.gov/MARC21/slim http://www.loc.gov/standards/marcxml/schema/MARC21slim.xsd" xmlns="http://www.loc.gov/MARC21/slim">
 <record>
  <leader>00000nam a2200000 i 4500</leader>
  <controlfield tag="001">UP-99946688290041398</controlfield>
  <controlfield tag="003">Buklod</controlfield>
  <controlfield tag="005">20221109154654.0</controlfield>
  <controlfield tag="006">m    |o  d |      </controlfield>
  <controlfield tag="007">ta</controlfield>
  <controlfield tag="008">221109t20192019nju   a     b 001 0 eng  </controlfield>
  <datafield tag="010" ind1=" " ind2=" ">
   <subfield code="a">2018016656</subfield>
  </datafield>
  <datafield tag="020" ind1=" " ind2=" ">
   <subfield code="a">9781119055075 (paperback)</subfield>
  </datafield>
  <datafield tag="035" ind1=" " ind2=" ">
   <subfield code="a">20506222</subfield>
  </datafield>
  <datafield tag="040" ind1=" " ind2=" ">
   <subfield code="a">DLC</subfield>
   <subfield code="b">eng</subfield>
   <subfield code="c">DMC</subfield>
   <subfield code="e">rda</subfield>
   <subfield code="d">DMC</subfield>
  </datafield>
  <datafield tag="041" ind1="0" ind2=" ">
   <subfield code="a">eng</subfield>
  </datafield>
  <datafield tag="050" ind1="0" ind2="0">
   <subfield code="a">PN 4783</subfield>
   <subfield code="b">K36 2019</subfield>
  </datafield>
  <datafield tag="100" ind1="1" ind2=" ">
   <subfield code="a">Kanigel, Rachele</subfield>
   <subfield code="e">author.</subfield>
  </datafield>
  <datafield tag="245" ind1="1" ind2="4">
   <subfield code="a">The Diversity style guide</subfield>
   <subfield code="c">Rachele Kanigel.</subfield>
  </datafield>
  <datafield tag="250" ind1=" " ind2=" ">
   <subfield code="a">1st edition.</subfield>
  </datafield>
  <datafield tag="264" ind1=" " ind2="1">
   <subfield code="a">Hoboken, NJ, USA</subfield>
   <subfield code="b">Wiley-Blackwell</subfield>
   <subfield code="c">2019.</subfield>
  </datafield>
  <datafield tag="264" ind1=" " ind2="4">
   <subfield code="c">©2019</subfield>
  </datafield>
  <datafield tag="300" ind1=" " ind2=" ">
   <subfield code="a">xiv, 407 pages</subfield>
   <subfield code="b">illustrations</subfield>
   <subfield code="c">23 cm</subfield>
  </datafield>
  <datafield tag="336" ind1=" " ind2=" ">
   <subfield code="a">text</subfield>
   <subfield code="b">txt</subfield>
   <subfield code="2">rdacontent</subfield>
  </datafield>
  <datafield tag="337" ind1=" " ind2=" ">
   <subfield code="a">unmediated</subfield>
   <subfield code="2">rdamedia</subfield>
  </datafield>
  <datafield tag="338" ind1=" " ind2=" ">
   <subfield code="a">volume</subfield>
   <subfield code="b">nc</subfield>
   <subfield code="2">rdacarrier</subfield>
  </datafield>
  <datafield tag="504" ind1=" " ind2=" ">
   <subfield code="a">Includes bibliographical references and index.</subfield>
  </datafield>
  <datafield tag="505" ind1="8" ind2="0">
   <subfield code="a">Machine generated contents note:  Acknowledgments ix Notes on Contributors xiii Introduction 1 Part I Covering a Diverse Society 7 1 Why is Diversity So Important? 9 Rachele Kanigel 2 Implicit Bias - Addressing the Bias Within Us 29 Sally Lehrman and Venise Wagner 3 Black Americans 39 Sandra L. Combs and Rachele Kanigel 4 Native People 61 Cristina Azocar and Rachele Kanigel 5 Hispanics and Latinos 85 Rachele Kanigel 6 Asian Americans and Pacific Islanders 109 Rachele Kanigel 7 Arab Americans and Muslim Americans 133 Joe Grimm and Osama Siblani 8 Covering Immigrants and Immigration 153 Rachele Kanigel 9 Gender Identity and Sexual Orientation 171 Rachele Kanigel 10 People with Disabilities 197 Kristin Gilger 11 Gender Equality in the News Media 217 Rachele Kanigel 12 Mental Illness, Substance Abuse and Suicide 239 Rachele Kanigel 13 Diversity and Inclusion in a Changing Industry 263 Rachele Kanigel Part II The Journalist's Diversity Toolbox 279 Diversity and Inclusion Activities 281 Diversity Calendar 299 A-Z Diversity Style Guide 301 Index.</subfield>
  </datafield>
  <datafield tag="520" ind1="0" ind2=" ">
   <subfield code="a">&quot;This guide attempts to help journalists, journalism students and other media writers prepare for those sometimes awkward conversations. We'll explore the subtle and not-so-subtle ways that words can alienate a source or infuriate a reader, how a thoughtless pun in a headline can elicit hundreds of angry letters or ignite a firestorm on social media. It also aims to give writers an understanding that diversity in journalism is first and foremost about accuracy, about representing an individual or a community or an issue fully and completely, about not leaving people out and about telling the whole truth&quot;--</subfield>
   <subfield code="c">Provided by publisher.</subfield>
  </datafield>
  <datafield tag="650" ind1="0" ind2="0">
   <subfield code="a">Journalism</subfield>
   <subfield code="x">Language.</subfield>
  </datafield>
  <datafield tag="650" ind1="0" ind2="0">
   <subfield code="a">Journalism</subfield>
   <subfield code="x">Social aspects.</subfield>
  </datafield>
  <datafield tag="650" ind1="0" ind2="0">
   <subfield code="a">Journalism</subfield>
   <subfield code="x">Style.</subfield>
  </datafield>
  <datafield tag="650" ind1="0" ind2="0">
   <subfield code="a">Minorities</subfield>
   <subfield code="x">Press coverage.</subfield>
  </datafield>
  <datafield tag="905" ind1=" " ind2=" ">
   <subfield code="a">FO</subfield>
  </datafield>
  <datafield tag="852" ind1="0" ind2=" ">
   <subfield code="a">UPD</subfield>
   <subfield code="b">DMC</subfield>
   <subfield code="h">PN 4783</subfield>
   <subfield code="i">K36 2019</subfield>
  </datafield>
  <datafield tag="942" ind1=" " ind2=" ">
   <subfield code="a">Book</subfield>
  </datafield>
 </record>
</collection>
